| 000 | 00891nam a22003377a 4500 | ||
|---|---|---|---|
| 001 | BR8105943 | ||
| 003 | BR-BrBNA | ||
| 005 | 20230928091047.0 | ||
| 007 | ta | ||
| 008 | 230509b bl.||||| |||| 00| 0 por d | ||
| 040 |
_aBR-BrBNA _bpor _cBiblioteca Nacional de Agricultura |
||
| 041 | _a(Por) | ||
| 072 |
_aF60; H50 _b1300 _b3801 _b3866 |
||
| 090 | _ 1300 BR8105943 | ||
| 100 | 1 | _aHaag, H.P. | |
| 100 | 1 | _aMinami, K. (eds.) | |
| 110 | 1 | _aFundacao Cargill, Campinas, SP (Brasil) | |
| 245 | 1 | _aNutricao mineral em hortalicas | |
| 260 | 3 |
_aCampinas, SP (Brasil): _c1981. |
|
| 300 | _a627 p. | ||
| 650 | _aHORTALICA | ||
| 650 | _aMACROELEMENTO | ||
| 650 | _aMICROELEMENTO | ||
| 650 | _aNUTRIENTE | ||
| 650 | _aABSORCAO | ||
| 650 | _aCRESCIMENTO | ||
| 650 | _aDEFICIENCIA MINERAL | ||
| 650 | _aEXIGENCIA NUTRICIONAL | ||
| 909 |
_a202309 _bLucia _c55 _dLucia Elande |
||
| 942 | _cBK | ||
| 999 |
_c32003 _d32003 |
||